[Event "Kislovodsk Narzan op"]
[Site "Kislovodsk"]
[Date "2015.08.09"]
[Round "8"]
[White "Fominov, Andrei"]
[Black "Getman, Tatyana"]
[Result "0-1"]
[WhiteElo "1692"]
[BlackElo "1603"]
[PlyCount "90"]
[EventDate "2015.08.01"]
[EventType "swiss"]
[EventRounds "9"]
[EventCountry "RUS"]
[SourceTitle "EXT 2016"]
[Source "ChessBase"]
[SourceDate "2015.10.08"]
[SourceVersion "1"]
[SourceVersionDate "2015.10.08"]
[SourceQuality "1"]

1. d4 e6 2. c4 d5 3. Nf3 dxc4 4. Qa4+ Bd7 5. Qxc4 Bc6 6. Nc3 Nf6 7. Ne5 Bd6 8. Nxc6 Nxc6 9. a3 a6 10. e3 0-0 11. Be2 Ne7 12. 0-0 Ned5 13. Nxd5 exd5 14. Qb3 Rb8 15. Bf3 c6 16. Qc2 Re8 17. Rd1 Qc7 18. g3 Ne4 19. Bxe4 Rxe4 20. b4 h5 21. f3 Re6 22. e4 dxe4 23. fxe4 f6 24. d5 Qb6+ 25. Qf2 Qxf2+ 26. Kxf2 cxd5 27. exd5 Re4 28. Bb2 Rbe8 29. Re1 Kf7 30. Rxe4 Rxe4 31. Re1 Rxe1 32. Kxe1 Be5 33. Bxe5 fxe5 34. Ke2 Ke7 35. Kd3 Kd6 36. Ke4 b5 37. h3 g5 38. g4 h4 39. Kf5 Kxd5 40. Kxg5 e4 41. Kf4 Kd4 42. g5 e3 43. g6 e2 44. g7 e1Q 45. g8Q Qf2+ 0-1

[Event "Kislovodsk Narzan op"]
[Site "Kislovodsk"]
[Date "2015.08.05"]
[Round "4"]
[White "Fominov, Andrei"]
[Black "Gerliani, Roin"]
[Result "1/2-1/2"]
[WhiteElo "1692"]
[BlackElo "1916"]
[PlyCount "149"]
[EventDate "2015.08.01"]
[EventType "swiss"]
[EventRounds "9"]
[EventCountry "RUS"]
[SourceTitle "EXT 2016"]
[Source "ChessBase"]
[SourceDate "2015.10.08"]
[SourceVersion "1"]
[SourceVersionDate "2015.10.08"]
[SourceQuality "1"]

1. d4 d5 2. c4 c6 3. Nf3 Nf6 4. g3 dxc4 5. Bg2 b5 6. Ne5 Bb7 7. Nc3 a6 8. a4 Qb6 9. b3 cxb3 10. Qxb3 e6 11. e3 Be7 12. Ba3 b4 13. Nc4 Qc7 14. Bxb4 0-0 15. Ba5 Qd7 16. Nb6 Qd8 17. Rb1 Bc8 18. Nxa8 Qxa5 19. Nb6 Nbd7 20. Nxd7 Bxd7 21. 0-0 Nd5 22. Rfc1 Rd8 23. Ne4 Be8 24. Nc5 Bxc5 25. Rxc5 Qd2 26. Bxd5 exd5 27. Qb6 Qd3 28. Rb3 Qd1+ 29. Kg2 Rd6 30. Qb8 Re6 31. Rxc6 Qxb3 32. Qxb3 Bxc6 33. Qb8+ Be8 34. Kg1 g6 35. Qd8 Kg7 36. a5 Bc6 37. h4 h5 38. Qc8 Bb5 39. Qc5 Bc4 40. Kg2 Re8 41. Kf3 Re6 42. Kg2 Re8 43. Qc7 Re4 44. Qd8 Bb3 45. Qd6 Bc4 46. Qa3 Re8 47. f3 Re6 48. Qc3 f5 49. Kf2 Kf7 50. Qb4 Re7 51. Qb8 Re8 52. Qd6 Re6 53. Qf4 Kg7 54. Qc7+ Kf6 55. Qh7 Re7 56. Qg8 Rf7 57. Qh8+ Ke7 58. Kg2 Ke6 59. Qe5+ Kd7 60. e4 fxe4 61. fxe4 Re7 62. Qh8 dxe4 63. Qb8 Bb5 64. Qb7+ Ke8 65. Qc8+ Kf7 66. d5 e3 67. d6 Rd7 68. Qc5 e2 69. Qd5+ Kf6 70. Kf2 Rf7 71. Ke1 Kg7 72. Kd2 Rf1 73. Qe5+ Kg8 74. Qe6+ Kg7 75. Qe5+ 1/2-1/2

[Event "Kislovodsk Narzan op"]
[Site "Kislovodsk"]
[Date "2015.08.02"]
[Round "1"]
[White "Seliverstova, Elizaveta"]
[Black "Fominov, Andrei"]
[Result "1/2-1/2"]
[WhiteElo "1707"]
[BlackElo "1692"]
[PlyCount "46"]
[EventDate "2015.08.01"]
[EventType "swiss"]
[EventRounds "9"]
[EventCountry "RUS"]
[SourceTitle "EXT 2016"]
[Source "ChessBase"]
[SourceDate "2015.10.08"]
[SourceVersion "1"]
[SourceVersionDate "2015.10.08"]
[SourceQuality "1"]

1. c4 Nf6 2. e3 g6 3. a3 Bg7 4. Qc2 d6 5. Nf3 c5 6. Nc3 0-0 7. Be2 Nc6 8. 0-0 Bf5 9. d3 Rc8 10. Bd2 Qd7 11. Rab1 a5 12. h3 Rfd8 13. Rfd1 b6 14. Nb5 Na7 15. Nxa7 Qxa7 16. e4 Bd7 17. Be3 Qc7 18. Rdc1 Rb8 19. b4 Rdc8 20. Bd1 Qd8 21. Qe2 Qe8 22. Qd2 Qd8 23. Qe2 Qe8 1/2-1/2